000 00484nam a2200181Ia 4500
003 GCL
008 140319s9999 xx 000 0 eng d
040 _aGCL /
_cGCL
082 0 4 _a823
_bG E
100 1 _aGAMAL EL TOUNY
245 1 0 _aTHE ENGLISH NOVEL /
_cGAMAL EL TOUNY
260 _aالقاهرة :
_bTHE EGYPTIAN SCRIBE PUBLISHERS ،
_c1997
300 _a24 CM ؛
_c290 P
650 0 4 _aENGLISH LITERATURE
650 0 4 _aENGLISH FICTION
650 0 4 _aFICTIONS
942 _2ddc
_cBK
999 _c6547
_d6547